PUBLIC FINANCING OF PHARMACEUTICALS AN E (Record no. 30028)

MARC details
000 -LEADER
fixed length control field 00361nam a2200133Ia 4500
008 - FIXED-LENGTH DATA ELEMENTS--GENERAL INFORMATION
fixed length control field 240624s9999 xx 000 0 und d
041 ## - LANGUAGE CODE
Language code of text/sound track or separate title eng
082 ## - DEWEY DECIMAL CLASSIFICATION NUMBER
Classification number 338.47615 JUN
100 ## - MAIN ENTRY--PERSONAL NAME
Personal name PUIG JUNOY JAUME
245 ## - TITLE STATEMENT
Title PUBLIC FINANCING OF PHARMACEUTICALS AN E
260 ## - PUBLICATION, DISTRIBUTION, ETC.
Date of publication, distribution, etc. 2005
Place of publication, distribution, etc. United Kingdom
Name of publisher, distributor, etc. Edward Elgar
300 ## - PHYSICAL DESCRIPTION
Extent xiii, 255 p.; 23 cm.
365 ## - TRADE PRICE
Currency code BPS
Price amount 30
Holdings
Withdrawn status Lost status Damaged status Not for loan Home library Current library Shelving location Date acquired Cost, normal purchase price Full call number Barcode Date last seen Copy number Price effective from Koha item type
        IMTN IMTN Rack 11-B 12/06/2017 91.00 338.47615 JUN 30028 06/24/2024 88 06/24/2024 Books
Designed & Maintained by: LRC IMT Nagpur Contact: lrc@imtnag.ac.in© 2024. All Rights Reserved.